000 00395pab a2200157 454500
008 180718b2001 xxu||||| |||| 00| 0 eng d
100 _aDemirguc-Kunt, Asli
245 _aDeposit insurance around the world
260 _c2001
300 _ap.481-90
650 _aDeposit insurance
650 _aInsurance
700 _aSobaci, Tolga
773 _aWorld Bank Economic Review
909 _a51652
999 _c51652
_d51652